Autos 79. Automatizace ve strojírenství : Zaměření:Energetika. Plzeň 12.-15.6.1979. 3.díl

Guardado en:
Detalles Bibliográficos
Formato: Libro
Lenguaje:checo
Publicado: Plzeň : Škoda, 1979
Materias:
Etiquetas: Agregar Etiqueta
Sin Etiquetas, Sea el primero en etiquetar este registro!

MARC

LEADER 00000nam a22000003a 4500
001 stu34468
005 20150408180907.2
008 920318s1979----cs------------------cze-d
040 |a STU  |b slo 
041 0 |a cze 
044 |a cs 
080 |a 65.011.56 
080 |a 620.9(085) 
245 |a Autos 79. Automatizace ve strojírenství :  |b Zaměření:Energetika. Plzeň 12.-15.6.1979. 3.díl 
260 |a Plzeň :  |b Škoda,  |c 1979 
300 |a 519 s 
650 7 |a energetika  |2 stusub 
650 7 |a katalógy  |2 stusub 
650 7 |a automatizácia  |2 stusub 
650 7 |a strojárstvo  |2 stusub 
996 |b 284M045552  |c M*1033/1979/3-1  |l MMKN  |s A  |a 24  |w stu34468_0001